000
00307nam a22001337a 4500
008
170809b xxu||||| |||| 00| 0 eng d
020
_a
0538601310
041
_a
eng
080
_2
2ND
_a
004
100
_a
35
101
_a
SHK
245
_a
COMPUTERS AND INFORMATION PROCESSING
_c
CLARK,J.F
942
_2
udc
_c
BK
999
_c
23007
_d
23007